| 000 | 02442nam a2200253 4500 | ||
|---|---|---|---|
| 003 | NALT | ||
| 005 | 20250704110215.0 | ||
| 008 | 250627b th ||||| |||| 00| 0 tha d | ||
| 040 | _aNALT | ||
| 090 |
_aKT 32 _bว559ป 2565 |
||
| 100 | 0 |
_aวิเชียร ชุบไธสง. _966215 |
|
| 245 | 1 | 0 |
_aประมวลกฎหมายวิธีพิจารณาความแพ่งและประมวลกฎหมายวิธีพิจารณาความอาญา ฉบับสมบูรณ์ / _cวิเชียร ชุบไธสง. |
| 250 | _aพิมพ์ครั้งที่ 2. | ||
| 260 |
_aกรุงเทพฯ : _bธนาเพรส, _c2565. |
||
| 300 |
_a695 หน้า ; _c21 ซม. |
||
| 505 | 2 | _aพระราชบัญญัติให้ใช้ประมวลกฎหมายวิธีพิจารณาความแพ่งพุทธศักราช 2477 -- พระราชบัญญัติให้ใช้ประมวลกฎหมายวิธีพิจารณาความแพ่ง (ฉบับที่ 2) พุทธศักราช 2543 -- พระราชบัญญัติให้ใช้ประมวลกฎหมายวิธีพิจารณาความแพ่ง (ฉบับที่ 3) พุทธศักราช 2558 -- ประมวลกฎหมายวิธีพิจารณาความแพ่ง -- ภาค 1 บททั่วไป -- ภาค 2 วิธีพิจารณาในศาลชั้นต้น -- ภาค 3 อุทธรณ์และฎีกา -- ภาค 4 วิธีการชั่วคราวก่อนพิพากษา และการบังคับตามคำพิพากษาหรือคำสั่ง -- ตารางกฎกระทรวง และประกาศกระทรวง -- พระราชบัญญัติการไกล่เกลี่ยข้อพิพาท พ.ศ. 2562. | |
| 650 | 4 |
_aวิธีพิจารณาความแพ่ง _9756 |
|
| 650 | 4 |
_aวิธีพิจารณาความอาญา _91089 |
|
| 942 |
_2local _cLB |
||
| 996 |
_ajidapa.t _bACQSTF _c2025-06-27 |
||
| 996 |
_avaree.k _bLIBSTF _c2025-07-01 |
||
| 996 |
_asaiphon.d _bCATSTF _c2025-07-04 |
||
| 999 |
_c106960 _d106960 |
||
| 998 |
_j104 _k นางสาวสายฝน ดีงาม |
||